Environmental stress screening of electronic hardware : proceedings, February 28 - March 2, 1979, San Jose, California.

Bibliographic Details
Corporate Authors: Institute of Environmental Sciences, Environmental Stress Screening of Electronic Hardware Conference and Workshop
Format: Conference Proceeding Book
Language:English
Published: Mt. Prospect, IL : Institute of Environmental Sciences, 1979.
Subjects:

MARC

Tag First Indicator Second Indicator Subfields
LEADER 00000cam a2200000 a 4500
001 in00000073539
005 20231020195232.8
008 800502s1979 ilua b 100 0 eng d
010 |a  62038584  
020 |a 0915414597 
035 |a (OCoLC)06272879 
035 |9 AAH7679AM 
040 |a NAD  |c NAD  |d m.c.  |d TXA  |d UtOrBLW 
049 |a TXAM  |c [386712] 
090 |a TK7870  |b .E6 1979 
245 0 0 |a Environmental stress screening of electronic hardware :  |b proceedings, February 28 - March 2, 1979, San Jose, California. 
264 1 |a Mt. Prospect, IL :  |b Institute of Environmental Sciences,  |c 1979. 
300 |a xii, 163 pages :  |b illustrations ;  |c 28 cm. 
336 |a text  |b txt  |2 rdacontent 
337 |a unmediated  |b n  |2 rdamedia 
338 |a volume  |b nc  |2 rdacarrier 
500 |a At head of title: Institute of Environmental Sciences' National Conference and Workshop. 
504 |a Includes bibliographical references. 
650 0 |a Electronic apparatus and appliances  |x Environmental aspects  |x Congresses. 
650 0 |a Electronic instruments  |x Reliability  |x Congresses. 
710 2 |a Institute of Environmental Sciences. 
711 2 |a Environmental Stress Screening of Electronic Hardware Conference and Workshop  |n (1st :  |d 1979 :  |c San Jose, Calif.) 
999 |a MARS 
999 f f |s 1eec8fb6-5a3a-379e-8fcf-643a94320ec9  |i 74c1091b-b090-3a96-8bf5-c31a3a66a347  |t 0 
952 f f |p ric  |a Texas A&M University  |b Rellis Campus  |c Joint Library Facility  |d Remote Storage  |t 0  |e TK7870 .E6 1979  |h Library of Congress classification  |i unmediated -- volume  |m A14806251876 
998 f f |a TK7870 .E6 1979  |t 0  |l Remote Storage